00591nam a2200205 a 4500001001300000003000900013005001700022008004100039020001000080082001800090100001800108245008000126260003400206300001500240500003500255505001200290650004000302650002500342700001800367nice12345678IN_TiNIC20260116011322.0050524s1930 oxfa grp 000 0 eng  ac10000a011.2915bETH aEthe, Hermann aCatalogue of the Persian Turkish, Hinduistani and Pushtu Manuscripts, Part, aOxfordbClarendon Pressc1930 a1159-1766p aincludes index and biblioraphy2 aIndices aCatalogue-Turkish, Hindustani, Push aBodleian Library-Mss1 aEthe, Hermann